[Event "Karlstad op"]
[Site "Karlstad"]
[Date "2024.12.27"]
[Round "2"]
[White "Nordahl, Helge Andreas"]
[Black "Lilliehook, Victor"]
[Result "0-1"]
[WhiteElo "2293"]
[BlackElo "1982"]
[PlyCount "58"]
[EventDate "2024.12.27"]
[EventType "swiss"]
[EventRounds "8"]
[EventCountry "SWE"]
[SourceTitle "CB01_2025"]
[SourceDate "2025.01.01"]
[SourceVersion "1"]
[SourceVersionDate "2025.01.01"]
[SourceQuality "1"]

1. d4 d5 2. c4 e6 3. Nc3 Bb4 4. Qa4+ Nc6 5. Nf3 Nf6 6. e3 Bd7 7. Qc2 0-0 8. Bd3 Bd6 9. a3 dxc4 10. Bxc4 e5 11. d5 Ne7 12. 0-0 c6 13. e4 cxd5 14. exd5 Rc8 15. Qe2 Bg4 16. Ba2 Rxc3 17. bxc3 e4 18. Bg5 exf3 19. gxf3 Bh3 20. Rfe1 Ng6 21. Qd2 h6 22. Be3 Nh4 23. Qd1 Qc7 24. f4 Bg4 25. Qa4 Nf3+ 26. Kh1 Nxe1 27. Rxe1 Bf3+ 28. Kg1 Qc8 29. f5 Qxf5 0-1

[Event "Fagernes op"]
[Site "Fagernes"]
[Date "2024.03.24"]
[Round "1"]
[White "Nordahl, Helge Andreas"]
[Black "Lien, Sebastian"]
[Result "1-0"]
[WhiteElo "2330"]
[BlackElo "1885"]
[PlyCount "81"]
[EventDate "2024.03.24"]
[EventType "swiss"]
[EventRounds "9"]
[EventCountry "NOR"]
[SourceTitle "CBM 219 Extra"]
[Source "ChessBase"]
[SourceDate "2024.05.31"]
[SourceVersion "1"]
[SourceVersionDate "2024.05.31"]
[SourceQuality "1"]

1. d4 Nf6 2. c4 e6 3. Nf3 d5 4. Nc3 Be7 5. Bg5 0-0 6. e3 Nbd7 7. Rc1 c6 8. a3 a5 9. Bd3 Re8 10. 0-0 h6 11. Bf4 Nh5 12. cxd5 Nxf4 13. dxc6 Nh3+ 14. gxh3 bxc6 15. Ne4 Bb7 16. Qe2 Bf8 17. Rfd1 Qb6 18. Ne5 Nxe5 19. dxe5 c5 20. Ng3 g6 21. Be4 Rab8 22. Rd7 Bc8 23. Rd2 Bg7 24. f4 Ba6 25. Bd3 Bxd3 26. Rxd3 Rec8 27. b3 Qc6 28. Qg2 Qb5 29. Qc2 Rd8 30. Rcd1 Rdc8 31. Ne4 c4 32. Rc3 Qb6 33. bxc4 g5 34. c5 Qc7 35. c6 Qb6 36. c7 Rxc7 37. Rxc7 Qxe3+ 38. Kg2 gxf4 39. Nf6+ Bxf6 40. exf6 f3+ 41. Kh1 1-0

[Event "NOR-ch Blitz"]
[Site "Drammen"]
[Date "2023.01.06"]
[Round "9"]
[White "Mihajlov, Sebastian"]
[Black "Nordahl, Helge Andreas"]
[Result "1-0"]
[WhiteElo "2375"]
[BlackElo "2331"]
[PlyCount "101"]
[EventDate "2023.01.06"]
[EventType "swiss (blitz)"]
[EventRounds "9"]
[EventCountry "NOR"]
[SourceTitle "CBM 212 Extra"]
[Source "ChessBase"]
[SourceDate "2023.03.31"]
[SourceVersion "1"]
[SourceVersionDate "2023.03.31"]
[SourceQuality "1"]

1. e4 c5 2. Nf3 d6 3. d4 cxd4 4. Nxd4 Nf6 5. Nc3 a6 6. f3 e5 7. Nb3 Be7 8. Be3 0-0 9. Qd2 Be6 10. 0-0-0 a5 11. Kb1 a4 12. Nc1 Nc6 13. g4 Ne8 14. Nd5 a3 15. b3 Bxd5 16. exd5 Nd4 17. Bxd4 exd4 18. Ne2 Nc7 19. Qxd4 Bf6 20. Qd3 Re8 21. f4 g6 22. g5 Bg7 23. h4 Ra5 24. c4 b5 25. Qd2 Na6 26. cxb5 Rxb5 27. Nc3 Ra5 28. Nb5 Nc5 29. Rh3 Ne4 30. Qc2 Qd7 31. Qc6 Qe7 32. Re3 Nd2+ 33. Rxd2 Qxe3 34. Nxd6 Qe1+ 35. Kc2 Rc5+ 36. Qxc5 Qa1 37. Nxe8 Qxa2+ 38. Kd3 Qxb3+ 39. Ke2 a2 40. Qc8 Bf8 41. Nf6+ Kg7 42. Qa6 Ba3 43. Rxa2 Qxa2+ 44. Kf3 Qb3+ 45. Qd3 Qb2 46. Ne4 Bb4 47. d6 Qh2 48. Qd4+ Kg8 49. Nf6+ Kf8 50. Nxh7+ Ke8 51. Bb5+ 1-0

[Event "NOR-ch Blitz"]
[Site "Drammen"]
[Date "2023.01.06"]
[Round "1"]
[White "Myrheim, Hakon Abeland"]
[Black "Nordahl, Helge Andreas"]
[Result "1/2-1/2"]
[WhiteElo "2024"]
[BlackElo "2331"]
[PlyCount "158"]
[EventDate "2023.01.06"]
[EventType "swiss (blitz)"]
[EventRounds "9"]
[EventCountry "NOR"]
[SourceTitle "CBM 212 Extra"]
[Source "ChessBase"]
[SourceDate "2023.03.31"]
[SourceVersion "1"]
[SourceVersionDate "2023.03.31"]
[SourceQuality "1"]

1. e4 c5 2. Nf3 d6 3. Bb5+ Nd7 4. c3 Ngf6 5. Qe2 a6 6. Ba4 e5 7. 0-0 Be7 8. Rd1 b5 9. Bc2 0-0 10. d4 Qc7 11. d5 h6 12. a4 Rb8 13. Na3 c4 14. Be3 Nc5 15. Nd2 Ng4 16. f3 Nxe3 17. Qxe3 Bg5 18. Qe2 Qb6 19. Kh1 Bd7 20. axb5 axb5 21. Naxc4 bxc4 22. Nxc4 Qc7 23. b4 Nb7 24. Bd3 Rfc8 25. Ra3 Ra8 26. Rda1 Rxa3 27. Rxa3 Bb5 28. Nb2 Bxd3 29. Qxd3 Nd8 30. c4 Qb7 31. Qb3 Ra8 32. Nd3 Be7 33. h3 Rxa3 34. Qxa3 Qb6 35. Qa4 Kf8 36. c5 dxc5 37. bxc5 Qb1+ 38. Kh2 Qxd3 39. d6 Bxd6 40. Qd7 Nb7 41. Qc8+ Ke7 42. Qxb7+ Kf6 43. cxd6 Qxd6 44. Qb3 Qd2 45. Qb6+ Kg5 46. Qc7 Qf4+ 47. Kg1 Kg6 48. Qd6+ f6 49. Qe6 Qc1+ 50. Kh2 Qf4+ 51. Kg1 h5 52. Kf2 h4 53. Qe8+ Kh7 54. Qh5+ Qh6 55. Qf5+ Kh8 56. Qc8+ Kh7 57. Qf5+ Qg6 58. Qxg6+ Kxg6 59. Ke3 Kg5 60. Ke2 Kf4 61. Kf2 g6 62. Kg1 Kg3 63. Kf1 f5 64. exf5 gxf5 65. Kg1 e4 66. fxe4 fxe4 67. Kf1 Kf4 68. Kf2 Ke5 69. Ke3 Kf5 70. Kf2 Kf4 71. Ke2 Kg3 72. Ke3 Kxg2 73. Kxe4 Kg3 74. Ke3 Kg2 75. Kf4 Kxh3 76. Kf3 Kh2 77. Kf2 Kh1 78. Kf1 h3 79. Kf2 h2 1/2-1/2

[Event "NOR-ch Blitz"]
[Site "Drammen"]
[Date "2023.01.06"]
[Round "7"]
[White "Nordahl, Helge Andreas"]
[Black "Gvein, Kenneth"]
[Result "1-0"]
[WhiteElo "2331"]
[BlackElo "2151"]
[PlyCount "59"]
[EventDate "2023.01.06"]
[EventType "swiss (blitz)"]
[EventRounds "9"]
[EventCountry "NOR"]
[SourceTitle "CBM 212 Extra"]
[Source "ChessBase"]
[SourceDate "2023.03.31"]
[SourceVersion "1"]
[SourceVersionDate "2023.03.31"]
[SourceQuality "1"]

1. d4 d5 2. c4 e6 3. Nc3 c6 4. Nf3 f5 5. Bf4 Nf6 6. e3 Bd6 7. Ne5 0-0 8. Be2 Ne4 9. Nxe4 fxe4 10. 0-0 Qe7 11. Bg3 Nd7 12. Nxd7 Bxd7 13. Bxd6 Qxd6 14. Qb3 b6 15. f3 exf3 16. Bxf3 Rf6 17. cxd5 cxd5 18. Rac1 Raf8 19. Qc3 Rh6 20. Qc7 Qxc7 21. Rxc7 Bb5 22. Rfc1 a6 23. Rb7 Rhf6 24. Rxb6 g5 25. h3 h5 26. Bxh5 Rf2 27. Rxe6 Rxb2 28. Bf3 Be2 29. Bxd5 Kg7 30. Rc7+ 1-0

[Event "NOR-ch Blitz"]
[Site "Drammen"]
[Date "2023.01.06"]
[Round "4"]
[White "Nordahl, Helge Andreas"]
[Black "Kizatbay, Alseit"]
[Result "1-0"]
[WhiteElo "2331"]
[BlackElo "1973"]
[PlyCount "45"]
[EventDate "2023.01.06"]
[EventType "swiss (blitz)"]
[EventRounds "9"]
[EventCountry "NOR"]
[SourceTitle "CBM 212 Extra"]
[Source "ChessBase"]
[SourceDate "2023.03.31"]
[SourceVersion "1"]
[SourceVersionDate "2023.03.31"]
[SourceQuality "1"]

1. d4 d5 2. c4 e6 3. Nc3 Nf6 4. Bg5 Be7 5. e3 0-0 6. Nf3 c6 7. cxd5 exd5 8. Qc2 Nbd7 9. Bd3 Re8 10. 0-0 Nf8 11. h3 g6 12. Ne5 Ne6 13. f4 Ng7 14. f5 Nfh5 15. fxg6 fxg6 16. Nf7 Qd7 17. Rf3 Bxg5 18. Nxg5 Qe7 19. Nf7 Be6 20. Ne5 Rf8 21. Raf1 Rxf3 22. Rxf3 Rf8 23. Bxg6 1-0

[Event "NOR-chT 1314"]
[Site "Norway"]
[Date "2013.11.01"]
[Round "1.4"]
[White "Nordahl, Helge Andreas"]
[Black "Stigar, Petter"]
[Result "1-0"]
[WhiteElo "2337"]
[BlackElo "2244"]
[PlyCount "65"]
[EventDate "2013.11.01"]
[EventType "team-tourn"]
[EventRounds "9"]
[EventCountry "NOR"]
[SourceTitle "EXT 2014"]
[Source "ChessBase"]
[SourceDate "2013.11.20"]
[SourceVersion "1"]
[SourceVersionDate "2013.11.20"]
[SourceQuality "1"]
[WhiteTeam "Black Knights"]
[BlackTeam "SK 96"]
[WhiteTeamCountry "NOR"]
[BlackTeamCountry "NOR"]

1. d4 d5 2. c4 e6 3. Nc3 Nf6 4. Bg5 Be7 5. e3 h6 6. Bh4 0-0 7. Nf3 Ne4 8. Bxe7 Qxe7 9. Qc2 Nxc3 10. bxc3 c5 11. h3 Nc6 12. cxd5 exd5 13. Be2 Be6 14. 0-0 Rac8 15. Qa4 Rc7 16. Rfd1 Rfc8 17. Ne1 c4 18. Qc2 b5 19. e4 Qd7 20. exd5 Bxd5 21. Bg4 Qd6 22. Bxc8 Rxc8 23. Nf3 Bxf3 24. gxf3 Ne7 25. d5 Ng6 26. Qf5 Rd8 27. Rd4 Ne5 28. Re1 Nd3 29. Re3 Qa3 30. Rde4 Rf8 31. Re8 Qa6 32. Rxf8+ Kxf8 33. Qh7 1-0

[Event "NOR-chT 1213"]
[Site "Norway"]
[Date "2013.04.07"]
[Round "9"]
[White "Nordahl, Helge Andreas"]
[Black "Kveinys, Aloyzas"]
[Result "0-1"]
[WhiteElo "2340"]
[BlackElo "2526"]
[PlyCount "44"]
[EventDate "2012.11.02"]
[EventType "team-tourn"]
[EventRounds "9"]
[EventCountry "NOR"]
[SourceTitle "EXT 2014"]
[Source "ChessBase"]
[SourceDate "2013.11.20"]
[SourceVersion "1"]
[SourceVersionDate "2013.11.20"]
[SourceQuality "1"]
[WhiteTeam "Black Knights"]
[BlackTeam "Moss"]
[WhiteTeamCountry "NOR"]
[BlackTeamCountry "NOR"]

1. d4 Nf6 2. c4 e6 3. Nf3 Bb4+ 4. Bd2 a5 5. g3 d6 6. Bg2 Nbd7 7. 0-0 e5 8. e3 c6 9. a3 Bxd2 10. Qxd2 a4 11. Nc3 0-0 12. Rad1 Qa5 13. d5 cxd5 14. Nxd5 Nxd5 15. Qxd5 Qxd5 16. Rxd5 Nb6 17. Rxd6 Nxc4 18. Rd5 Be6 19. Rb5 f6 20. Rc1 Rac8 21. Bf1 Nd2 22. Nxd2 Rxc1 0-1

[Event "NOR-chT Clubs"]
[Site "Drammen"]
[Date "2010.10.10"]
[Round "5"]
[White "Nordahl, Helge Andreas"]
[Black "Stokke, Kjetil"]
[Result "1/2-1/2"]
[WhiteElo "2331"]
[BlackElo "2395"]
[PlyCount "38"]
[EventDate "2010.10.08"]
[EventType "team"]
[EventRounds "6"]
[EventCountry "NOR"]
[SourceTitle "EXT 2015"]
[Source "ChessBase"]
[SourceDate "2014.11.20"]
[SourceVersion "1"]
[SourceVersionDate "2014.11.20"]
[SourceQuality "1"]
[WhiteTeam "Black Knights"]
[BlackTeam "Bergens"]
[WhiteTeamCountry "NOR"]
[BlackTeamCountry "NOR"]

1. d4 g6 2. c4 Bg7 3. e4 d6 4. Nc3 Nf6 5. f4 0-0 6. Nf3 Na6 7. Be2 e5 8. dxe5 dxe5 9. Nxe5 Nc5 10. Bf3 Qxd1+ 11. Kxd1 Rd8+ 12. Kc2 Nfxe4 13. Nxe4 Bf5 14. Re1 Bxe5 15. fxe5 Rd4 16. Kc3 Rd3+ 17. Kc2 Rd4 18. Kc3 Rd3+ 19. Kc2 Rd4 1/2-1/2

[Event "NOR-chT Clubs"]
[Site "Drammen"]
[Date "2010.10.09"]
[Round "3.26"]
[White "Stenersen, Gudmund"]
[Black "Nordahl, Helge Andreas"]
[Result "1/2-1/2"]
[WhiteElo "2200"]
[BlackElo "2331"]
[PlyCount "110"]
[EventDate "2010.10.08"]
[EventType "team"]
[EventRounds "6"]
[EventCountry "NOR"]
[SourceTitle "EXT 2015"]
[Source "ChessBase"]
[SourceDate "2014.11.20"]
[SourceVersion "1"]
[SourceVersionDate "2014.11.20"]
[SourceQuality "1"]
[WhiteTeam "SOSS"]
[BlackTeam "Black Knights"]
[WhiteTeamCountry "NOR"]
[BlackTeamCountry "NOR"]

1. e4 c5 2. Nc3 Nc6 3. g3 g6 4. Bg2 Bg7 5. Nge2 d6 6. d3 Nf6 7. 0-0 0-0 8. h3 Bd7 9. Be3 Rc8 10. Nd5 Nxd5 11. exd5 Nd4 12. c3 Nxe2+ 13. Qxe2 Qb6 14. Rfe1 e5 15. Qd2 f5 16. Rab1 Qd8 17. Bg5 Bf6 18. Bxf6 Qxf6 19. b4 cxb4 20. Rxb4 b6 21. d4 Rfe8 22. dxe5 Rxe5 23. Rxe5 Qxe5 24. c4 Re8 25. Rb2 f4 26. gxf4 Qe1+ 27. Kh2 Qxd2 28. Rxd2 Re1 29. Bf3 Rc1 30. Be2 Rc3 31. f3 Kf7 32. Kg3 Bc8 33. Rb2 Rc1 34. h4 Kf6 35. Kf2 Rh1 36. Rb3 Rxh4 37. Ke3 Rh2 38. Ra3 h5 39. Rxa7 h4 40. Rc7 Bf5 41. Rc6 h3 42. Bf1 Rb2 43. Bxh3 Bxh3 44. Rxd6+ Kf7 45. Kd4 Bf5 46. Rc6 Ke7 47. Ke5 Re2+ 48. Kd4 Rd2+ 49. Ke5 Re2+ 50. Kd4 Rxa2 51. Rxb6 Ra3 52. Rb7+ Kd8 53. c5 Rxf3 54. Ke5 Re3+ 55. Kd6 Ke8 1/2-1/2

[Event "Pula op 20th"]
[Site "Pula"]
[Date "2006.06.23"]
[Round "7"]
[White "Sutkovic, Damir"]
[Black "Nordahl, Helge Andreas"]
[Result "1/2-1/2"]
[WhiteElo "2286"]
[BlackElo "2374"]
[PlyCount "70"]
[EventDate "2006.06.18"]
[EventType "swiss"]
[EventRounds "9"]
[EventCountry "CRO"]
[SourceTitle "CBM 112 Extra"]
[Source "ChessBase"]
[SourceDate "2006.07.14"]
[SourceVersion "1"]
[SourceVersionDate "2006.07.14"]
[SourceQuality "1"]

1. d4 f5 2. g3 Nf6 3. Bg2 g6 4. Nd2 Bg7 5. c3 0-0 6. Qb3+ d5 7. Nh3 c6 8. 0-0 e6 9. Nf3 Nbd7 10. Nf4 Qe8 11. Nd3 Ne4 12. c4 Nd6 13. c5 Nf7 14. Bf4 Qe7 15. h4 h6 16. Qa3 Re8 17. Nde5 Ndxe5 18. Bxe5 Nxe5 19. Nxe5 Bxe5 20. dxe5 b5 21. Qe3 Kg7 22. b4 a5 23. a4 Rb8 24. axb5 Rxb5 25. Rxa5 Rxb4 26. Qa3 Rb7 27. Ra1 Qc7 28. f4 Bd7 29. Ra7 Reb8 30. Rxb7 Rxb7 31. Bf1 Qb8 32. e3 Kf7 33. Qa8 Ke7 34. Qxb8 Rxb8 35. Kf2 Rb2+ 1/2-1/2

[Event "NOR-chT2"]
[Site "Oslo"]
[Date "2006.06.11"]
[Round "5"]
[White "Nordahl, Helge Andreas"]
[Black "Hansen, Torbjorn Ringdal"]
[Result "1/2-1/2"]
[WhiteElo "2374"]
[BlackElo "2319"]
[PlyCount "77"]
[EventDate "2006.06.07"]
[EventType "team-tourn"]
[EventRounds "5"]
[EventCountry "NOR"]
[SourceTitle "CBM 112 Extra"]
[Source "ChessBase"]
[SourceDate "2006.07.14"]
[SourceVersion "1"]
[SourceVersionDate "2006.07.14"]
[SourceQuality "1"]

1. d4 Nf6 2. c4 e6 3. Nf3 Bb4+ 4. Bd2 Qe7 5. g3 Nc6 6. Bg2 Bxd2+ 7. Nbxd2 d6 8. 0-0 a5 9. e4 e5 10. d5 Nb8 11. Ne1 0-0 12. Nd3 Na6 13. a3 c6 14. b4 cxd5 15. cxd5 axb4 16. axb4 Bd7 17. Nc4 Bb5 18. Qb3 Bxc4 19. Qxc4 Rac8 20. Qb3 Rc7 21. Rfc1 Rfc8 22. Rxc7 Qxc7 23. Rc1 Qd8 24. Rc4 Rxc4 25. Qxc4 h6 26. b5 Nb8 27. Bh3 Nbd7 28. Bxd7 Nxd7 29. Kg2 Kh7 30. Qb4 Qc7 31. Nb2 Nb6 32. Qa5 Qc5 33. Na4 Nxa4 34. Qxa4 b6 35. h4 g6 36. Qb3 h5 37. Qd3 Kg7 38. f4 Qc1 39. fxe5 1/2-1/2

[Event "NOR-chT2"]
[Site "Oslo"]
[Date "2006.06.07"]
[Round "1"]
[White "Agdestein, Simen"]
[Black "Nordahl, Helge Andreas"]
[Result "1-0"]
[WhiteElo "2594"]
[BlackElo "2374"]
[PlyCount "101"]
[EventDate "2006.06.07"]
[EventType "team-tourn"]
[EventRounds "5"]
[EventCountry "NOR"]
[SourceTitle "CBM 112 Extra"]
[Source "ChessBase"]
[SourceDate "2006.07.14"]
[SourceVersion "1"]
[SourceVersionDate "2006.07.14"]
[SourceQuality "1"]

1. c4 f5 2. b4 e6 3. Bb2 Nf6 4. a3 a5 5. b5 b6 6. Nf3 Bb7 7. g3 d6 8. Bg2 Be7 9. 0-0 0-0 10. d3 Qe8 11. e4 fxe4 12. Ng5 Bd8 13. Nd2 Nbd7 14. Ngxe4 Nxe4 15. Nxe4 Qg6 16. Re1 Rb8 17. d4 e5 18. Rc1 Be7 19. Rc2 Kh8 20. a4 exd4 21. Bxd4 Nf6 22. Nc3 Bxg2 23. Kxg2 Rbe8 24. Rce2 Qf7 25. Qd3 Bd8 26. Bxf6 Bxf6 27. Nd5 Re5 28. f4 Rxe2+ 29. Qxe2 h5 30. Qe6 Kh7 31. Qxf7 Rxf7 32. Re8 Rd7 33. Kf3 Kg6 34. Ke4 Kf7 35. Rc8 Bd8 36. f5 h4 37. Nf4 Bf6 38. Ng6 Be7 39. Nf4 d5+ 40. cxd5 Bd6 41. g4 h3 42. g5 Bxf4 43. Kxf4 Rxd5 44. g6+ Kf6 45. Rf8+ Ke7 46. Rf7+ Ke8 47. Rxg7 Rd4+ 48. Kg3 Rxa4 49. f6 Ra3+ 50. Kg4 Ra1 51. Rg8+ 1-0

[Event "NOR-chT 0506"]
[Site "Norway"]
[Date "2005.11.06"]
[Round "2"]
[White "Lie, Kjetil A"]
[Black "Nordahl, Helge Andreas"]
[Result "1-0"]
[WhiteElo "2496"]
[BlackElo "2374"]
[PlyCount "77"]
[EventDate "2005.11.01"]
[EventType "team-tourn"]
[EventRounds "2"]
[EventCountry "NOR"]
[SourceTitle "CBM 109 Extra"]
[Source "ChessBase"]
[SourceDate "2006.01.03"]
[SourceVersion "2"]
[SourceVersionDate "2006.01.03"]
[SourceQuality "1"]

1. d4 c5 2. d5 e5 3. e4 d6 4. Nf3 Be7 5. Bd3 Bg4 6. Be3 Bxf3 7. Qxf3 Bg5 8. Bb5+ Kf8 9. 0-0 a6 10. Be2 Nd7 11. Nd2 Bxe3 12. Qxe3 Ngf6 13. a4 h6 14. a5 Kg8 15. Nc4 Qe7 16. Rab1 Kh7 17. f4 exf4 18. Qxf4 Ne5 19. Qf5+ Kg8 20. Nxe5 Qxe5 21. Qxe5 dxe5 22. Bd3 Rc8 23. c4 Nd7 24. Bc2 h5 25. Ba4 Nf6 26. Rbe1 h4 27. Rf3 Ne8 28. Bxe8 Rxe8 29. b4 Rc8 30. Rb1 cxb4 31. Rxb4 Rh6 32. Rc3 Rc5 33. Rxb7 Rxa5 34. c5 h3 35. Rb1 Ra2 36. Rxh3 Rxh3 37. gxh3 Rc2 38. d6 Kf8 39. Rb8# 1-0